L’attacco a Pearl Harbor

Zapisane w:
Opis bibliograficzny
1. autor: Bonacina, Giorgio
Format: Książka
Język:Undetermined
Wydane: Milano Mondadori, 1973
Hasła przedmiotowe:
Etykiety: Dodaj etykietę
Nie ma etykietki, Dołącz pierwszą etykiete!
Thư viện lưu trữ: Trung tâm Học liệu Trường Đại học Cần Thơ
LEADER 00500nam a2200181Ia 4500
001 CTU_112196
008 210402s9999 xx 000 0 und d
082 |a 940.5425 
082 |b B697 
100 |a Bonacina, Giorgio 
245 0 |a L’attacco a Pearl Harbor 
245 2 |c A cura di Giorgio Bonacina 
260 |a Milano 
260 |b Mondadori, 
260 |c 1973 
650 |a Pearl harbor (hawaii), attack on, 1941. 
904 |i Năm 
980 |a Trung tâm Học liệu Trường Đại học Cần Thơ